[Event "Salo We SalSK syksy"]
[Site "Salo"]
[Date "2018.10.12"]
[Round "1"]
[White "Olander, Aleksi"]
[Black "Lehtosaari, Kalevi"]
[Result "1-0"]
[WhiteElo "2056"]
[BlackElo "1965"]
[PlyCount "67"]
[EventDate "2018.10.12"]
[EventType "swiss"]
[EventRounds "5"]
[EventCountry "FIN"]
[SourceTitle "EXT 2022"]
[Source "ChessBase"]
[SourceDate "2021.10.06"]
[SourceVersion "1"]
[SourceVersionDate "2021.10.06"]
[SourceQuality "1"]

1. d4 d5 2. c4 c6 3. Nf3 Nf6 4. e3 e6 5. b3 Bd6 6. Bb2 0-0 7. Bd3 Nbd7 8. Nbd2 Re8 9. Ne5 Nf8 10. f4 N6d7 11. 0-0 f6 12. Nxd7 Bxd7 13. e4 e5 14. fxe5 fxe5 15. Qh5 g6 16. Qf3 Qg5 17. Rf2 exd4 18. Qf7+ Kh8 19. Bxd4+ Be5 20. Nf3 Bxd4 21. Nxg5 Bxa1 22. Rf1 Bd4+ 23. Kh1 h6 24. Nf3 dxe4 25. Bxe4 Rxe4 26. Nxd4 Rae8 27. Qf6+ Kg8 28. c5 R4e5 29. b4 Bc8 30. h3 Bd7 31. Kh2 Kh7 32. Qd6 Rd5 33. Rf7+ Kg8 34. Qf6 1-0

[Event "Turku We TuTS A"]
[Site "Turku"]
[Date "2017.12.08"]
[Round "1"]
[White "Lehtosaari, Kalevi"]
[Black "Niemi, Kalle"]
[Result "0-1"]
[WhiteElo "1960"]
[BlackElo "2357"]
[PlyCount "104"]
[EventDate "2017.12.08"]
[EventType "swiss"]
[EventRounds "5"]
[EventCountry "FIN"]
[SourceTitle "EXT 2022"]
[Source "ChessBase"]
[SourceDate "2021.10.06"]
[SourceVersion "1"]
[SourceVersionDate "2021.10.06"]
[SourceQuality "1"]

1. c4 e5 2. Nc3 d6 3. g3 Be7 4. Bg2 f5 5. d4 c6 6. dxe5 dxe5 7. Qxd8+ Bxd8 8. e4 Nf6 9. Nge2 0-0 10. 0-0 Na6 11. Bg5 Nc5 12. Bxf6 Bxf6 13. b4 Nd3 14. a3 Be6 15. exf5 Bxc4 16. Be4 Rfd8 17. Rfd1 a5 18. Rab1 axb4 19. axb4 Be7 20. Nd5 Bxd5 21. Bxd3 Kf8 22. f6 gxf6 23. Bxh7 Bf3 24. Rxd8+ Rxd8 25. Nc3 Rd4 26. b5 c5 27. Re1 Rc4 28. Re3 Bg4 29. Be4 Bc8 30. h4 Rd4 31. h5 Kg7 32. Bg6 c4 33. Kg2 Bd7 34. Be4 b6 35. Bc6 Bg4 36. Bf3 Be6 37. Bc6 Bf7 38. Bf3 Rd3 39. g4 Rxe3 40. fxe3 Bb4 41. Nd5 Ba5 42. e4 c3 43. Bd1 Be8 44. Nc7 Bd7 45. Kf3 Kh6 46. Ke3 Bxg4 47. Bc2 Kxh5 48. Kd3 Kg5 49. Kc4 f5 50. exf5 Bxf5 51. Bxf5 Kxf5 52. Nd5 Ke4 0-1

[Event "FIN-chT2 Gp4 1617"]
[Site "Finland"]
[Date "2016.10.09"]
[Round "4.2"]
[White "Lehtosaari, Kalevi"]
[Black "Hartikainen, Jarmo"]
[Result "1/2-1/2"]
[WhiteElo "1957"]
[BlackElo "2224"]
[PlyCount "98"]
[EventDate "2016.09.17"]
[EventType "team-tourn"]
[EventRounds "7"]
[EventCountry "FIN"]
[SourceTitle "EXT 2019"]
[Source "ChessBase"]
[SourceDate "2018.10.10"]
[SourceVersion "1"]
[SourceVersionDate "2018.10.10"]
[SourceQuality "1"]
[WhiteTeam "Eura SK"]
[BlackTeam "Kuopio KSY"]
[WhiteTeamCountry "FIN"]
[BlackTeamCountry "FIN"]

1. d4 Nf6 2. c4 g6 3. Nc3 d5 4. cxd5 Nxd5 5. e4 Nxc3 6. bxc3 Bg7 7. Nf3 0-0 8. Be2 c5 9. 0-0 b6 10. Be3 cxd4 11. cxd4 Bb7 12. Qc2 Nc6 13. Rad1 e6 14. Rd2 Rc8 15. Qb1 Na5 16. Rfd1 Qd6 17. h4 f5 18. e5 Qd5 19. Bg5 h6 20. Be7 Rf7 21. Bd6 Nc4 22. Bxc4 Qxc4 23. Ne1 Be4 24. Qb2 Bf8 25. f3 Bb7 26. Nd3 g5 27. hxg5 hxg5 28. Rc1 Qd5 29. Rxc8 Bxc8 30. Rc2 Bb7 31. Nb4 Qb5 32. Bxf8 Rxf8 33. Qb3 Qd7 34. Qe3 f4 35. Qd3 Kg7 36. Rd2 a5 37. Nc2 Bd5 38. Na3 Rc8 39. Rc2 Rxc2 40. Qxc2 b5 41. Qc5 b4 42. Nc4 Bxc4 43. Qxc4 Qd5 44. Qc7+ Kg6 45. Qc2+ Kh6 46. Qc5 Kg6 47. Qc2+ Kg7 48. Qc7+ Kf8 49. Kh2 Qxa2 1/2-1/2

[Event "EU-chT Seniors"]
[Site "Vienna"]
[Date "2015.07.12"]
[Round "1.15"]
[White "Lehtosaari, Kalevi"]
[Black "Mai, Hartmut"]
[Result "1/2-1/2"]
[WhiteElo "1978"]
[BlackElo "1969"]
[PlyCount "53"]
[EventDate "2015.07.12"]
[EventType "team-swiss"]
[EventRounds "9"]
[EventCountry "AUT"]
[SourceTitle "EXT 2018"]
[Source "ChessBase"]
[SourceDate "2017.10.13"]
[SourceVersion "1"]
[SourceVersionDate "2017.10.13"]
[SourceQuality "1"]
[WhiteTeam "Finland"]
[BlackTeam "DSW DBAG II"]
[WhiteTeamCountry "FIN"]
[BlackTeamCountry "GER"]

1. c4 Nf6 2. Nc3 e6 3. e4 d6 4. d4 Nbd7 5. Nf3 e5 6. Bd3 Be7 7. 0-0 0-0 8. Nd5 Nxd5 9. cxd5 exd4 10. Nxd4 Ne5 11. Be2 Bf6 12. Be3 Bd7 13. h3 Re8 14. Rc1 c5 15. dxc6 bxc6 16. f4 Ng6 17. Nxc6 Bxc6 18. Rxc6 Rxe4 19. Bc1 Qe8 20. Rc2 Rb8 21. Rd2 Qd7 22. Rd5 Ne7 23. Bf3 Reb4 24. Rd2 d5 25. Rd3 d4 26. Qd2 Rc4 27. b3 1/2-1/2

[Event "EU-chT Seniors 12th"]
[Site "Dresden"]
[Date "2010.02.18"]
[Round "9"]
[White "Juergens, Peter1111"]
[Black "Lehtosaari, Kalevi"]
[Result "1/2-1/2"]
[WhiteElo "2014"]
[BlackElo "2029"]
[PlyCount "36"]
[EventDate "2010.02.10"]
[EventType "team-swiss"]
[EventRounds "9"]
[EventCountry "GER"]
[SourceTitle "CBM 134 Extra"]
[Source "ChessBase"]
[SourceDate "2010.03.03"]
[SourceVersion "1"]
[SourceVersionDate "2010.03.03"]
[SourceQuality "1"]
[WhiteTeam "Niedersachsen (Seniors)"]
[BlackTeam "Turku (Seniors)"]
[WhiteTeamCountry "GER"]
[BlackTeamCountry "FIN"]

1. d4 d5 2. Bf4 Nf6 3. e3 g6 4. Be2 Bg7 5. Nf3 0-0 6. 0-0 Nh5 7. Bg5 Nd7 8. c3 Nhf6 9. h3 Ne4 10. Bf4 c6 11. Nbd2 Ndf6 12. Be5 Nd6 13. c4 Be6 14. Ng5 Bf5 15. c5 Nde4 16. Ndxe4 Nxe4 17. Bxg7 Kxg7 18. Nxe4 Bxe4 1/2-1/2

[Event "EU-chT Seniors 11th"]
[Site "Velden"]
[Date "2009.04.09"]
[Round "5"]
[White "Lehtosaari, Kalevi"]
[Black "Swoboda, Peter"]
[Result "1-0"]
[WhiteElo "2031"]
[BlackElo "2021"]
[PlyCount "72"]
[EventDate "2009.04.05"]
[EventType "team-swiss"]
[EventRounds "9"]
[EventCountry "AUT"]
[SourceTitle "CBM 129 Extra"]
[Source "ChessBase"]
[SourceDate "2009.05.05"]
[SourceVersion "2"]
[SourceVersionDate "2009.05.20"]
[SourceQuality "1"]

1. c4 e6 2. Nc3 d5 3. d4 Nf6 4. Nf3 Nbd7 5. e3 Be7 6. Bd3 dxc4 7. Bxc4 0-0 8. 0-0 c5 9. Qe2 a6 10. a4 cxd4 11. exd4 Nb6 12. Bd3 Nbd5 13. Be3 Bd7 14. Ne5 Rc8 15. Bd2 Nb4 16. Rae1 Bc6 17. Be3 Bd5 18. Qd1 Nxd3 19. Qxd3 h6 20. f4 Bd6 21. f5 exf5 22. Qxf5 Be6 23. Qf3 Bxe5 24. dxe5 Nd5 25. Rd1 Rxc3 26. bxc3 Qa5 27. Bd2 Qxa4 28. Rb1 Qc6 29. Qg3 Kh8 30. Qh4 Kh7 31. Qe4+ Kh8 32. c4 Qa4 33. Rxb7 Qc6 34. Rfb1 Qc5+ 35. Kh1 Qf2 36. cxd5 Bf5 1-0